Responses for Show #3445 - Friday, July 23, 1999

Last game of Season 15.

Contestants

[<< previous game]

Peter Senkbeil, a college theater professor from Irvine, California

Geoff Morley, an attorney originally from Jefferson City, Missouri

Jackie Wollner, an actress and comedienne from Van Nuys, California (whose 1-day cash winnings total $6,800)

[next game >>]

Jeopardy! Round responses

NATIVE AMERICAN HISTORY
MISCELLANY
THE FARMER IN THE DELL
MINIMUM AGES
RIVER CITIES
FILE UNDER "Q"
    $100 26
Spain

Peter
    $100 16
$100 bill

Geoff
    $100 21
Cow

Jackie
    $100 6
21

Geoff
    $100 1
Ganges

Jackie
    $100 11
QE2

Peter
    $200 27
Indian Territory

Peter
    $200 17
Amen

Peter
    $200 22
The cheese

Jackie
    $200 7
17

Geoff
    $200 2
Ohio

Jackie
    $200 12
[Former vice president & game bird]

Quayle/quail

Geoff
    $300 28
Wabash

Triple Stumper
    $300 18
Zsa Zsa Gabor

Jackie
    $300 23
Rat

Jackie
    $300 8
18

Triple Stumper
    $300 3
Rio Grande

Jackie
    $300 13
Quaker Oats

Geoff
    $400 29
(Peter: Who are the Anastazi?)

the Hopi

JackiePeter
    $400 19
4

Jackie
    $400 24
(Alex: We have less than a minute to go.)

the dog

Triple Stumper
    $400 9
50

Jackie
    $400 4
(Peter: What is the Euphrates?)

the Tigris

GeoffPeter
    $400 14
Quadruple jump

Peter
    $500 30
Huron

Peter
    $500 20
One million

Jackie
    $500 25
A small valley

Jackie
    $600 10
25

Jackie
    $500 5
Ottawa or St. Lawrence

Jackie
    $500 15
The Quarrymen

Triple Stumper

Scores at the first commercial break (after clue 14):

Jackie Geoff Peter
$2,100 $1,200 $100

Scores at the end of the Jeopardy! Round:

Jackie Geoff Peter
$4,800 $1,300 $700

Double Jeopardy! Round responses

THE WRITTEN WORD
WHERE IN THE WORLD?
OCCUPATIONS
ELEMENT SYMBOL SPELLING
(Alex: I will give you two or perhaps three elements; the symbols of these elements combine to make up a word. For example, "cobalt" and "radon" combine to make "corn". Do you understand it? I don't!)
THE GRAND OLE OPRY
BEFORE & AFTER
    $200 1
Clement Clarke Moore

Peter
    $200 4
Smithsonian

Geoff
    $200 9
Dishwashers

Peter
    $200 15
Nose (No Se)

Jackie
    $200 25
TNN (The Nashville Network)

Geoff
    $200 20
(Alex: Minute to go.)

frequent flyer Miles Davis

Geoff
    $400 2
Ralph Waldo Emerson

Peter
    $400 5
[The Hollywood sign was shown.]
(Peter: What is Hollywood?)

Los Angeles

JackiePeter
    $400 10
Photographer

Jackie
    $400 16
Rain (Ra I N)

Triple Stumper
    $400 21
William and Mary Tyler Moore

Jackie
    $600 3
Goodbye, Columbus

Jackie
    $600 6
Atlantic City

Jackie
    $600 11
(Jackie: What is an optometrist?)

jewelers (they check out the quality of the stone)

Jackie
Triple Stumper
    $600 17
Scam (Sc Am)

Jackie
    $600 22
Charlie Rose Bowl

Jackie
    $800 14
Nightingale

Jackie
    $3,000 7
(Jackie: What is Hampshire?)

Nottinghamshire

Jackie
    $800 12
Quartermaster

Peter
    $1,200 18
(Jackie: I don't know.)
...
(Alex: And I don't mean "Nick at Nite", either!)

Nick (Ni C K)

Jackie
    $800 23
Rosetta Stone Phillips

Jackie
    $1000 26
[The end-of-round signal sounds.]
(Alex: Or it could have been Type A, Type O, O Positive!)

Typee

Jackie
    $1000 8
Yemen

Triple Stumper
    $1000 13
Osteopaths

Peter
    $1000 19
Nasal (Na S Al)

Jackie
    $1000 24
Stretch Marks and Spencer

Triple Stumper

Scores at the end of the Double Jeopardy! Round:

Jackie Geoff Peter
$7,400 $1,900 $2,900
(lock game)

[wagering suggestions for these scores]

Final Jeopardy! Round responses

PUBLICATIONS
(Alex: Jackie, you get to take it easy for the next 6 weeks while we present some of our special tournaments from the past year, & then you'll be back to defend.)
GeoffWhat is the Sears Catalog?
$1,900
PeterWhat is the London Times?
$901
JackieWhat is the New Yorker?
$1,100
Farmers' Almanac

Final scores:

Jackie Geoff Peter
$6,300 $0 $1,999
2-day champion: $13,100 3rd place: a Bushnell/Bausch & Lomb Professional Series astronomical reflector telescope 2nd place: a trip to Laguna Cliffs Marriott Resort & Crustacean Restaurant, Beverly Hills, California

Game dynamics:

Coryat scores:

Jackie Geoff Peter
$11,500 $1,900 $2,900
26 R
(including 1 DD),
3 W
(including 2 DDs)
9 R,
0 W
11 R,
3 W

Combined Coryat: $16,300

[game clues] [game scores] [suggest correction]

Game tape date: Unknown
The J! Archive is created by fans, for fans. Scraping, republication, monetization, and malicious use prohibited; this site may use cookies and collect identifying information. See terms. The Jeopardy! game show and all elements thereof, including but not limited to copyright and trademark thereto, are the property of Jeopardy Productions, Inc. and are protected under law. This website is not affiliated with, sponsored by, or operated by Jeopardy Productions, Inc. Join the discussion at JBoard.tv.